000 00378cam a2200157ua 4500
003 OSt
008 250415b |||||||| |||| 00| 0 eng d
041 _aeng
082 _a624.1517
_bBAN/SU
100 _aBannister, A .
_97424
245 _aSurveying /
260 _aLondon :
_bPitman and sons Ltd ,
_c1959.
300 _a438 ; .
700 1 _aRaymond, S .
_97425
942 _cBK
999 _c1918
_d1918